| 000 | 01025cam a22003134a 4500 | ||
|---|---|---|---|
| 999 |
_c685 _d685 |
||
| 001 | 2157806 | ||
| 003 | OSt | ||
| 005 | 20220919160242.0 | ||
| 008 | 990406s2000 stka 001 0 eng c | ||
| 010 | _a 99028979 | ||
| 020 | _a044305956X | ||
| 020 | _a0443059578 | ||
| 040 |
_aDNLM/DLC _cDLC _dDLC |
||
| 042 | _apcc | ||
| 050 | 0 | 0 |
_aRB111 _b.G68 2000 |
| 060 | 1 | 0 |
_aQZ 4 _bM143p 2000 |
| 082 | 0 | 0 |
_aQZ21 M164p 2000 _221 |
| 100 | 1 |
_aMacfarlane, Peter S.; Reid, Robin; Callander, Robin. _91800 |
|
| 245 | 1 | 0 | _aPathology Illustrated |
| 250 | _a5th ed. | ||
| 260 |
_aEdinburgh ; _bChurchill Livingstone, _c2000. |
||
| 300 |
_axi, 684 p. : _bill. ; _c25 cm. |
||
| 500 | _aIncludes index. | ||
| 650 | 0 |
_aPathology. _937 |
|
| 906 |
_a7 _bcbc _cpccadap _d1 _eocip _f19 _gy-gencatlg |
||
| 942 |
_2z _cSLOAN |
||